000 00348nam a2200145Ia 4500
008 221030s9999 xx 000 0 und d
041 _aEnglish
082 _a105.23
100 _aA. S. Mahajan
245 0 _aElectricity and Magnetism
_cby A. S. Mahajan , A. A. Rangwala
260 _c0
650 _aB
700 _aA. A. Rangwala
942 _cBK
999 _c10682
_d10682